000
00276nam a22001097a 4500
082
_a
370/TAB
100
_a
Tabassum,Shahla
_9
83967
245
_a
Muslim wo-men in higher education in india
260
_a
New delhi
_b
Research india press
_c
2020
650
_a
Education
942
_c
BK
999
_c
68984
_d
68984